000 00896nac a22002651i 4500
003 EG-ScBUE
005 20260512090750.0
008 260512t2003 njua f 001 0 eng d
020 _a0130470171
020 _a9780130470171
040 _aEG-ScBUE
_beng
_erda
_cEG-ScBUE
_dEG-ScBUE
082 0 4 _a512.5
_bGOO
_222
100 1 _aGoodaire, Edgar G.,
_eauthor.
245 1 0 _aLinear algebra :
_ba pure & applied first course /
_cEdgar G. Goodaire, Memorial University of Newfoundland.
264 1 _aUpper Saddle River, NJ :
_bPrentice Hall/Pearson Education,
_c[2003]
264 4 _cc2003
300 _a1 volume (various pagings) :
_billustrations ;
_c24 cm
336 _2rdacontent
_atext
_btxt
337 _aunmediated
_2rdamedia
_bn
338 _avolume
_bnc
_2rdacarrier
500 _aIncludes index.
650 7 _aAlgebras, Linear.
_2BUEsh
655 _vReading book
942 _cBB
_2ddc
999 _c2025
_d2025